Il Bambino Con I Petali In Tasca

Enregistré dans:
Détails bibliographiques
Auteur principal: Anosh Irani
Format: Livre
Langue:langue indéterminée
Publié: Rcs
Tags: Ajouter un tag
Pas de tags, Soyez le premier à ajouter un tag!

MARC

LEADER 00000nam a2200000Ia 4500
001 R-1173
003 CODICE-MESSINA
005 20260212102503.0
008 260211s9999 xx 000 0 und d
040 |c importazione_messina 
100 |a Anosh Irani 
245 0 |a Il Bambino Con I Petali In Tasca 
260 |b Rcs 
942 |2 ddc  |c BK 
952 |0 0  |1 0  |2 ddc  |4 0  |6 SCAFFALE_11_000000000000000__ROMANZI  |7 0  |9 32005  |a ME  |b ME  |d 2026-02-11  |l 0  |o SCAFFALE 11 - ROMANZI  |p R-1173  |r 2026-02-11 23:52:54  |w 2026-02-11  |x [REVISIONARE]  |y BK 
999 |c 27672  |d 27672